| 000 | 00901cam a22002657a 4500 | ||
|---|---|---|---|
| 020 | _a9781594865671 (pbk.) | ||
| 020 | _a1594865671 (pbk.) | ||
| 040 | _cIFA | ||
| 082 | 0 | 4 | _a363 ROD 2006 C158 Or. |
| 100 | 1 | _aGore, Albert, | |
| 245 | 1 | 3 |
_aAn inconvenient truth : _bthe planetary emergency of global warming and what we can do about it / |
| 260 |
_aEmmaus, Pa. : _bRodale Press, _cc2006. |
||
| 300 |
_a325 p. : _bill. (some col.), col. maps ; _c23 cm. |
||
| 500 | _a"Produced by Melcher Media"--T.p. verso. | ||
| 650 | 0 | _aGlobal warming. | |
| 650 | 0 | _aGlobal warming | |
| 650 | 0 | _aGreenhouse effect, Atmospheric. | |
| 650 | 0 | _aGreenhouse effect, Atmospheric | |
| 650 | 0 | _aEnvironmental policy | |
| 650 | 0 | _aEnvironmental protection | |
| 650 | 0 | _aHuman ecology. | |
| 710 | 2 | _aMelcher Media. | |
| 856 | 4 | 2 | _uhttp://www.loc.gov/catdir/enhancements/fy0662/2006926537-d.html |
| 942 | _cAEDBB | ||
| 999 |
_c19004 _d19004 |
||